| 000 | 00511nam a2200217Ia 4500 | ||
|---|---|---|---|
| 003 | GCL | ||
| 008 | 140319s9999 xx 000 0 eng d | ||
| 040 |
_aGCL / _cGCL |
||
| 082 | 0 | 4 |
_a591.1 _bS A |
| 100 | 1 | _aSEE BEY, ROD | |
| 245 | 1 | 0 |
_aANATOMY AND PHYSIOLOGY / _cSEE BEY, ROD |
| 700 | 1 | _aSTEPLNENS, TRENT | |
| 700 | 1 | _aTATE, PHILIP | |
| 260 |
_a[S.N] : _bMASBY ، _c1996 |
||
| 300 | _a575 | ||
| 650 | 0 | 4 | _aANATOMY |
| 650 | 0 | 4 | _aPHYSIOLOGY |
| 650 | 0 | 4 | _aANIMALS |
| 650 | 0 | 4 | _aBIOLOGY |
| 942 |
_2ddc _cBK |
||
| 999 |
_c11041 _d11041 |
||